000 00869nam a22002175i 4500
001 163909
003 ES-MaACL
005 20250729081206.0
008 990701s1884 fr az |||| | fre d
040 _aGA
_bspa
_cCCPB | 3D
100 1 _aRomanes, George John.
_9132022
245 1 2 _aL'evolution mentale chez les animaux /
_cpar George John Romanes ; suivi d'un essai posthume sur l'instinct par Charles Darwin ; traduction française par Henry C. de Varigny.
260 _aParis :
_bC. Reinwald,
_c1884 (
_fTypographie A. Hennuyer)
300 _aXVI, 412 p., [1] h. pleg. ;
_c24 cm.
650 0 4 _aAnimales-
_xConducta.
_99833
650 4 _aAnimales-
_xInteligencia.
_9147546
700 1 1 _aDarwin, Charles,
_d1809-1882
_942770
700 1 _aVarigny, Henry Crosnier de (
_d1855-1934?)
_9157468
852 _aES-MaACL
_jB-1667
_z-- Enc. tela
999 _c163909
_d163909